000 01194nam a2200373 c 4500
001 610
003 ES-MaCES
005 20141221121511.0
008 940517s1992 sp ||| | spa d
017 _aB 31934-1992
_bDL
020 _a8486703913
035 _aCES19980006130m
040 _aES-MaCES
_bspa
_cES-MaCES
100 1 _aFolchi, Juan José
_912225
245 1 0 _aEvolución del sistema económico
_b: cambios estructurales y nuevas expectativas
_cJuan José Folchi, Antonio Verdú
250 _a[1ª ed.]
260 _a[Barcelona]
_bGestión 2000
_c1992
300 _a360 p.
_c22 cm
500 _aEn la port., además: General Investment, S.A.
504 _aBibliografía: p. 355-360
541 _cCompra
650 4 _asistema económico
_927123
650 4 _apolítica económica
_927025
650 4 _aeconomía del bienestar
_929849
650 4 _aproductividad
_928259
650 4 _adistribución del ingreso
_927109
650 4 _adesarrollo económico
_927093
650 4 _apredicción económica
_927072
653 1 0 _aEconomía
700 1 _aVerdú, Antonio
_925725
902 _aLIB Libro
942 _2CES
_cBK
_h0.0.
999 _c610
_d610